00442pab a2200145 454500008004000000100001800040245007700058260000900135300001600144362001000160650005000170650001400220700002800234773003400262180718b2006 xxu||||| |||| 00| 0 eng d aRoy, Dayabati aLeft front's electoral victory in West Bengal: an ethnographer's account c2006 ap.4251-256. a7 Oct aWest Bengal. Legislative Assembly - Elections aElections aBanerjee, Parthasarathi aEconomic and Political Weekly